| 000 | 00429nam a22001457a 4500 | ||
|---|---|---|---|
| 082 | _aP-19 | ||
| 100 |
_aSherjeel Ashraf (Syn 4) _947745 |
||
| 245 |
_aComputer aided design of reinforced concrete beams (Syn 4) _cAmer Nawaz, Muhammad Idrees, Muhammad Ashfaq, Muhammad Obdal Haque |
||
| 260 |
_aMCE _bMCE |
||
| 300 | _a121 p. : | ||
| 526 |
_a0 _b0 _c0 _dP_19 |
||
| 650 | _aProject | ||
| 700 |
_aArif Raza _947746 |
||
| 942 |
_2ddc _cBK |
||
| 999 |
_c550895 _d550895 |
||